Spanish irregular verbs / (Record no. 354867)
[ view plain ]
| 000 -LEADER | |
|---|---|
| fixed length control field | 00294nam a2200109Ia 4500 |
| 008 - FIXED-LENGTH DATA ELEMENTS--GENERAL INFORMATION | |
| fixed length control field | 180205s9999 xx 000 0 und d |
| 020 ## - INTERNATIONAL STANDARD BOOK NUMBER | |
| International Standard Book Number | 9780071718080 |
| 100 ## - MAIN ENTRY--PERSONAL NAME | |
| Personal name | Vogt, Eric W. |
| 245 ## - TITLE STATEMENT | |
| Title | Spanish irregular verbs / |
| 260 ## - PUBLICATION, DISTRIBUTION, ETC. (IMPRINT) | |
| Place of publication, distribution, etc | USA |
| Name of publisher, distributor, etc | Mc Graw Hill publishing |
| Date of publication, distribution, etc | 2011 |
| 300 ## - PHYSICAL DESCRIPTION | |
| Extent | vii, 117 pages |
| Withdrawn status | Lost status | Damaged status | Home library | Current library | Shelving location | Date acquired | Source of acquisition | Total Checkouts | Full call number | Barcode | Date last seen | Price effective from | Koha item type |
|---|---|---|---|---|---|---|---|---|---|---|---|---|---|
| College Library | College Library | General Circulation Section | 02/05/2018 | Library Fund | PC 4271 .V886 2011 | C15811 | 05/15/2018 | 02/05/2018 | Books |